[Event "Orsha op"]
[Site "Orsha"]
[Date "2019.01.22"]
[Round "7"]
[White "Afonasieva, Anna"]
[Black "Dmitriev, Nikolay"]
[Result "1-0"]
[WhiteElo "2265"]
[BlackElo "1923"]
[PlyCount "57"]
[EventDate "2019.01.18"]
[EventType "swiss"]
[EventRounds "9"]
[EventCountry "BLR"]
[SourceTitle "CBM 188 Extra"]
[Source "ChessBase"]
[SourceDate "2019.02.26"]
[SourceVersion "1"]
[SourceVersionDate "2019.02.26"]
[SourceQuality "1"]

1. d4 d5 2. Nf3 Nf6 3. c4 c6 4. Nbd2 Bf5 5. Nh4 Bg6 6. Qb3 Qc7 7. Nxg6 hxg6 8. g3 e6 9. Bg2 Nbd7 10. 0-0 Be7 11. e4 dxe4 12. Nxe4 Nxe4 13. Bxe4 Qb6 14. Bg2 Qxb3 15. axb3 Nb6 16. Be3 0-0 17. Ra2 Rfd8 18. Rfa1 Nc8 19. Rd1 Nb6 20. Bf3 Rdc8 21. Rda1 Rc7 22. Rxa7 Rd8 23. d5 Nc8 24. dxc6 Nxa7 25. Rxa7 Re8 26. cxb7 Bd6 27. c5 Be5 28. Ra8 Rce7 29. Bf4 1-0

[Event "Orsha op"]
[Site "Orsha"]
[Date "2019.01.20"]
[Round "4"]
[White "Cherepov, Alexej"]
[Black "Dmitriev, Nikolay"]
[Result "1-0"]
[WhiteElo "2226"]
[BlackElo "1923"]
[PlyCount "111"]
[EventDate "2019.01.18"]
[EventType "swiss"]
[EventRounds "9"]
[EventCountry "BLR"]
[SourceTitle "CBM 188 Extra"]
[Source "ChessBase"]
[SourceDate "2019.02.26"]
[SourceVersion "1"]
[SourceVersionDate "2019.02.26"]
[SourceQuality "1"]

1. d4 d5 2. Bg5 Nf6 3. Bxf6 exf6 4. e3 Bf5 5. Ne2 Bb4+ 6. c3 Bd6 7. Qb3 c6 8. Qxb7 Qb6 9. Qxb6 axb6 10. a3 b5 11. Ng3 Bg6 12. Kd2 Nd7 13. Bd3 Nb6 14. Kc2 Kd7 15. Nd2 Nc4 16. Rhb1 Kc7 17. Ngf1 Bxd3+ 18. Kxd3 f5 19. Nxc4 bxc4+ 20. Kc2 Rhe8 21. g3 g5 22. b3 cxb3+ 23. Rxb3 Ra4 24. Nd2 Rea8 25. Rab1 R8a7 26. Rb8 Rxa3 27. Rh8 Kd7 28. Rxh7 Ke6 29. h4 f6 30. Rh8 Ra8 31. Rh6 Bf8 32. Rh5 gxh4 33. Rxh4 R3a7 34. Rb6 Rc7 35. Rh1 Bd6 36. Rhb1 c5 37. dxc5 Rxc5 38. Nb3 Rc7 39. Nd4+ Kd7 40. Nb5 Rc6 41. Rxc6 Kxc6 42. Nd4+ Kc7 43. Nxf5 Ra2+ 44. Rb2 Ra1 45. Kd3 Rd1+ 46. Rd2 Ra1 47. Ke2 Be5 48. f4 Bd6 49. Nxd6 Kxd6 50. c4 Rg1 51. Kf2 Rc1 52. Rxd5+ Kc6 53. Rf5 Rxc4 54. Rxf6+ Kd5 55. Kf3 Rc1 56. e4+ 1-0

[Event "Orsha op"]
[Site "Orsha"]
[Date "2019.01.18"]
[Round "2"]
[White "Vorobjov, Pavel"]
[Black "Dmitriev, Nikolay"]
[Result "1-0"]
[WhiteElo "2296"]
[BlackElo "1923"]
[PlyCount "55"]
[EventDate "2019.01.18"]
[EventType "swiss"]
[EventRounds "9"]
[EventCountry "BLR"]
[SourceTitle "CBM 188 Extra"]
[Source "ChessBase"]
[SourceDate "2019.02.26"]
[SourceVersion "1"]
[SourceVersionDate "2019.02.26"]
[SourceQuality "1"]

1. Nf3 d5 2. c4 c6 3. b3 Nf6 4. Bb2 Bf5 5. g3 e6 6. Bg2 Nbd7 7. 0-0 Bd6 8. d3 Qe7 9. Nbd2 e5 10. cxd5 cxd5 11. Nh4 Be6 12. e4 0-0 13. exd5 Nxd5 14. Nc4 Rac8 15. Bxd5 Bxd5 16. Nf5 Qf6 17. Nfxd6 Bf3 18. Ne4 Qf5 19. Ne3 Qh5 20. g4 Bxd1 21. gxh5 Bxh5 22. Nf5 Rc2 23. Ba3 Re8 24. Rfc1 Rxc1+ 25. Rxc1 Bg4 26. Rc7 Nb6 27. Nh6+ gxh6 28. Nf6+ 1-0